En cristo redentor: notas para la vida espiritual
Salvato in:
| Autore principale: | |
|---|---|
| Natura: | Libro |
| Lingua: | spagnolo |
| Pubblicazione: |
Barcelona
Herder
1963
|
| Serie: | Biblioteca Herder. Sección de Teología, 56
|
| Soggetti: | |
| Tags: |
Aggiungi Tag
Nessun Tag, puoi essere il primo ad aggiungerne!!
|
MARC
| LEADER | 00000nam a2200000 a 4500 | ||
|---|---|---|---|
| 001 | UCR1188 | ||
| 003 | CL-VaPUC | ||
| 008 | 971212e19630000SP |||||||||||||||||spa|d | ||
| 082 | 0 | 4 | |a 248.4 |b DUR |2 21 |
| 100 | |a Durrwell, Francois-Xavier |e author |9 579909 | ||
| 245 | 1 | 0 | |a En cristo redentor: notas para la vida espiritual |
| 300 | |a 321 p | ||
| 942 | |c BK | ||
| 945 | |d 19971212 00:00:00 |a jquezada | ||
| 260 | |a Barcelona |b Herder |c 1963 | ||
| 600 | 0 | |a Jesús |9 313614 | |
| 650 | 0 | |a Teología cristiana |9 308336 | |
| 650 | 0 | |a Textos sagrados |9 257605 | |
| 650 | 7 | |a DOCTRINAS RELIGIOSAS |2 CL-VaPUC |9 337177 | |
| 650 | 0 | |a Vida religiosa |9 257284 | |
| 650 | 0 | |a Oración |9 313348 | |
| 650 | 0 | |a Virtudes cristianas |9 398107 | |
| 650 | 0 | |a Fe |9 308036 | |
| 583 | |a last modification |c 19971212 00:00:00 |k Rodrigo Vera | ||
| 490 | 0 | |a Biblioteca Herder. Sección de Teología, 56 | |
| 999 | |c 264667 |d 264665 | ||
| 952 | |0 0 |1 0 |4 0 |6 248_400000000000000_DUR_1963 |7 0 |8 A |9 295044 |a BIBTEO |b BIBTEO |d 2019-11-19 |i 3368602 |o 248.4 DUR 1963 |p 3368602 |r 2025-01-17 |w 2019-11-19 |y BK |k ICR | ||